000 00825nam a2200229 i 4500
001 bg
100 1 _aTADEUSIEWICZ, Ryszard
245 1 0 _aElementarne wprowadzenie do techniki sieci neuronowych z przykładowymi programami /
_cRyszard Tadeusiewicz.
260 _aWarszawa :
_bAkademicka Oficyna Wydaw. PLJ,
_c1998.
300 _a312 s. :
_brys., wykr. ;
_c24 cm +
_edyskietka.
490 1 _aProblemy Współczesnej Nauki. Teoria i Zastosowania / ed. serii Leonard Bolc. Informatyka
504 _aIndeks.
650 9 _aSieci neuronowe
830 0 _aProblemy Współczesnej Nauki. Teoria i Zastosowania (ed. serii Leonard Bolc).
_pInformatyka
020 _a8371014007
040 _cBPK
041 0 _apl
080 _a004.032.26
920 _a83-7101-400-7
942 _cKS
008 s pl f |000 0 pol
999 _c35939
_d35939
856 _uhttp://koha.tu.koszalin.pl/cgi-bin/koha/opac-detail.pl?biblionumber=35939
_yKatalog online BPK